Sledovanie príjmov a výdavkov v podmienkach vybranej účtovnej jednotky pre potreby riadenia a rozhodovania bakalárska práca

Salvato in:
Dettagli Bibliografici
Autore principale: Brestovanská, Jessica
Ente Autore: Fakulta hospodárskej informatiky EU. Katedra účtovníctva a audítorstva
Altri autori: Užíková, Lenka, 1996-
Natura: Libro
Lingua:slovacco
Pubblicazione: Bratislava 2024
Tags: Aggiungi Tag
Nessun Tag, puoi essere il primo ad aggiungerne!!

MARC

LEADER 00000nbm a2200000 4500
001 0302589
005 20250131095233.7
041 0 |a slo 
044 |a SK 
245 1 0 |a Sledovanie príjmov a výdavkov v podmienkach vybranej účtovnej jednotky pre potreby riadenia a rozhodovania  |b bakalárska práca  |c Jessica Brestovanská ; školiteľ: Lenka Užíková 
264 1 |a Bratislava  |c 2024 
300 |a 46 s. 
100 1 |a Brestovanská, Jessica 
700 1 |a Užíková, Lenka, 1996- 
710 2 |a Fakulta hospodárskej informatiky EU. Katedra účtovníctva a audítorstva